000 01529cam a22003977a 4500
003 CHAP
005 20220817042603.0
008 971013s1948 r 00010 d
010 _a48937
011 _a49909
035 _a54059
040 _cCHAP
082 _a333.72
_bP47Y
100 0 0 _aPerson, H. S.
_987320
245 1 4 _aLas pequeñas fuentes fluviales
_b: estudio de las cabeceras fluviales y otros pequeños cuerpos de agua, su utilidad y sus relaciones con el suelo
260 _aWashington :
_bSecretaría de Estado de los Estados Unidos,
_c(1948)
300 _a113 p.
_b: ilus. ; mapa
490 0 _aPublicación, TC-244
590 _aBATCH-UPD
_b10
_c20130110
_lUCH01
_h1059
590 _aBATCH-UPD
_b10
_c20130410
_lUCH01
_h0653
590 _aBATCH-UPD
_b10
_c20130914
_lUCH01
_h1316
590 _aCONVERSION
_b10
_c20130109
_lUCH01
_h1327
650 1 4 _aAgua
_xAprovechamiento.
_92282
650 1 4 _aAgua
_xConservacion.
_92319
650 1 4 _aErosión
_xPrevención y control.
_937337
650 1 4 _aRecursos naturales
_xConservación.
650 1 4 _aRíos.
_999166
650 1 4 _aSuelos
_xConservación.
_9110283
830 0 _aPublicación, TC-244
_992783
901 _aBK
942 _cLIBRO
949 _a333.72 P47Y
_bBC
_cLIBRO
_d33724000331344
_eLIBRO
_fc.4
_h71220
_i54059
_si
949 _a333.72 P47Y
_bBC
_cLIBRO
_d33724000331351
_eLIBRO
_fc.3
_h11925
_i54059
_si
949 _a333.72 P47Y
_bBC
_cLIBRO
_d33724000331377
_eLIBRO
_h40921
_i54059
_si
949 _a333.72 P47Y
_bBC
_cLIBRO
_d33724000939625
_eLIBRO
_fc.5
_h90002
_i54059
_si
999 _c48937
_d48937